ロード中...

उर्दू हिन्दी और अंग्रेज़ी विस्वकोश

書誌詳細
第一著者: जॉन टी. प्लाट्स
その他の著者: John T. Plats
フォーマット: Printed Book
出版事項: New Delhi: Arjun, 2012
版:2
主題:
LEADER 01117nam a22002057a 4500
020 |a 9788183301046 
082 |a U491.439 3  |b PLA/U.1 
100 |a जॉन टी. प्लाट्स  
245 |a उर्दू हिन्दी और अंग्रेज़ी विस्वकोश  
250 |a 2 
260 |a New Delhi:  |b Arjun,  |c 2012 
300 |a 310p. 
650 |a Urdu Hindi aur angrezi viswakosh 
700 |a John T. Plats 
942 |c BK 
999 |c 39741  |d 39741 
952 |0 0  |1 0  |4 0  |6 U_491_439000000000000_3_PLAU_1  |7 0  |8 Reference  |9 42341  |a KUCL  |b KUCL  |c U  |d 2016-06-03  |l 0  |o U491.439 3 PLA/U.1  |p 33390  |r 2017-03-09  |w 2016-06-03  |y BK 
952 |0 0  |1 0  |4 0  |6 U_491_439000000000000_3_PLAU_2  |7 0  |8 Reference  |9 42342  |a KUCL  |b KUCL  |c U  |d 2016-06-03  |l 0  |o U491.439 3 PLA/U.2  |p 33391  |r 2017-03-09  |w 2016-06-03  |y BK 
952 |0 0  |1 0  |4 0  |6 U_491_439000000000000_3_PLAU_3  |7 0  |8 Reference  |9 42343  |a KUCL  |b KUCL  |c U  |d 2016-06-03  |l 0  |o U491.439 3 PLA/U.3  |p 33392  |r 2017-03-09  |w 2016-06-03  |y BK 
952 |0 0  |1 0  |4 0  |6 U_491_439000000000000_3_PLAU_4  |7 0  |8 Reference  |9 42344  |a KUCL  |b KUCL  |c U  |d 2016-06-03  |l 0  |o U491.439 3 PLA/U.4  |p 33393  |r 2017-03-09  |w 2016-06-03  |y BK